[Event "Limba Open M"]
[Site "Poronin"]
[Date "2021.05.28"]
[Round "9.10"]
[White "Warchol, Kamil"]
[Black "Budrewicz, Krzysztof"]
[Result "0-1"]
[BlackElo "2289"]
[WhiteElo "2124"]
[LiveChessVersion "1.4.8"]

1. e4 {[%clk 1:30:48]} c5 {[%clk 1:30:50]} 2. Nf3 {[%clk 1:30:47]} e6
{[%clk 1:31:07]} 3. d4 {[%clk 1:30:35]} cxd4 {[%clk 1:31:31]} 4. Nxd4
{[%clk 1:30:15]} Nf6 {[%clk 1:31:53]} 5. Nc3 {[%clk 1:29:52]} Nc6
{[%clk 1:32:12]} 6. Nxc6 {[%clk 1:29:18]} bxc6 {[%clk 1:32:36]} 7. e5
{[%clk 1:29:07]} Nd5 {[%clk 1:32:57]} 8. Ne4 {[%clk 1:28:58]} Bb7
{[%clk 1:33:08]} 9. Be2 {[%clk 1:27:30]} Qc7 {[%clk 1:32:58]} 10. Nd6+
{[%clk 1:19:40]} Bxd6 {[%clk 1:29:57]} 11. exd6 {[%clk 1:20:01]} Qb6
{[%clk 1:19:18]} 12. O-O {[%clk 1:14:04]} c5 {[%clk 1:19:23]} 13. c4
{[%clk 1:05:43]} Nb4 {[%clk 1:19:13]} 14. Be3 {[%clk 1:02:39]} a5
{[%clk 1:19:04]} 15. Bf3 {[%clk 0:55:54]} Bxf3 {[%clk 1:16:35]} 16. Qxf3
{[%clk 0:55:59]} O-O {[%clk 1:16:56]} 17. Qg3 {[%clk 0:45:24]} Kh8
{[%clk 1:16:18]} 18. Rfc1 {[%clk 0:43:38]} a4 {[%clk 1:13:42]} 19. Rc3
{[%clk 0:41:01]} f6 {[%clk 1:13:48]} 20. b3 {[%clk 0:39:25]} axb3
{[%clk 1:08:28]} 21. Rxb3 {[%clk 0:38:42]} e5 {[%clk 1:08:44]} 22. Qg4
{[%clk 0:35:21]} Qc6 {[%clk 1:08:27]} 23. Qd1 {[%clk 0:26:40]} e4
{[%clk 0:55:59]} 24. Rab1 {[%clk 0:20:05]} Rxa2 {[%clk 0:55:02]} 25. Qf1
{[%clk 0:17:57]} Ra4 {[%clk 0:52:07]} 26. Qe1 {[%clk 0:14:28]} Nd3
{[%clk 0:51:48]} 27. Qc3 {[%clk 0:13:36]} Qxd6 {[%clk 0:51:19]} 28. f3
{[%clk 0:11:06]} f5 {[%clk 0:51:27]} 29. fxe4 {[%clk 0:11:02]} fxe4
{[%clk 0:51:50]} 30. Rb6 {[%clk 0:11:20]} Qe7 {[%clk 0:49:31]} 31. Rb8
{[%clk 0:09:20]} Ra8 {[%clk 0:49:20]} 32. R8b7 {[%clk 0:08:00]} Qe6
{[%clk 0:48:39]} 33. Qb3 {[%clk 0:05:30]} h6 {[%clk 0:47:56]} 34. Qc3
{[%clk 0:04:46]} Kh7 {[%clk 0:47:08]} 35. h3 {[%clk 0:03:43]} Rf6
{[%clk 0:46:46]} 36. Kh1 {[%clk 0:03:04]} Raf8 {[%clk 0:46:56]} 37. Kg1
{[%clk 0:01:33]} Rg6 {[%clk 0:47:17]} 38. Qd2 {[%clk 0:01:17]} Qxh3
{[%clk 0:47:18]} 39. R7b6 {[%clk 0:01:30]} Rg4 {[%clk 0:45:41]} 40. Rb8
{[%clk 0:30:40]} Rf2 {[%clk 1:15:17]} 41. Qxf2 {[%clk 0:27:09]} Nxf2
{[%clk 1:15:39]} 42. Kxf2 {[%clk 0:27:25]} Rxg2+ {[%clk 1:16:01]} 0-1

[Event "Limba Open M"]
[Site "Poronin"]
[Date "2021.05.28"]
[Round "9.11"]
[White "Baum, Jonasz"]
[Black "Musial, Tomasz"]
[Result "1-0"]
[BlackElo "2126"]
[WhiteElo "2270"]
[LiveChessVersion "1.4.8"]

1. d4 {[%clk 1:30:58]} Nf6 {[%clk 1:30:54]} 2. c4 {[%clk 1:31:22]} e6
{[%clk 1:31:20]} 3. Nc3 {[%clk 1:31:43]} Bb4 {[%clk 1:31:30]} 4. g3
{[%clk 1:32:07]} O-O {[%clk 1:30:30]} 5. Bg2 {[%clk 1:32:05]} Bxc3+
{[%clk 1:29:15]} 6. bxc3 {[%clk 1:32:29]} d6 {[%clk 1:29:42]} 7. Nf3
{[%clk 1:32:24]} Nc6 {[%clk 1:29:51]} 8. Qd3 {[%clk 1:32:31]} e5 {[%clk 1:27:17]}
9. Nd2 {[%clk 1:32:37]} Re8 {[%clk 1:23:39]} 10. O-O {[%clk 1:30:29]} Qe7
{[%clk 1:22:13]} 11. e4 {[%clk 1:22:04]} b6 {[%clk 1:13:50]} 12. f4
{[%clk 1:20:19]} Ba6 {[%clk 1:12:47]} 13. Nb3 {[%clk 1:18:52]} Nd7
{[%clk 0:59:14]} 14. Ba3 {[%clk 1:15:44]} Qd8 {[%clk 0:50:35]} 15. Rad1
{[%clk 1:05:19]} Nf8 {[%clk 0:36:22]} 16. Rf2 {[%clk 0:59:39]} f6
{[%clk 0:30:09]} 17. dxe5 {[%clk 0:39:26]} dxe5 {[%clk 0:29:33]} 18. Qd5+
{[%clk 0:39:49]} Qxd5 {[%clk 0:29:33]} 19. exd5 {[%clk 0:24:28]} Rad8
{[%clk 0:29:56]} 20. Re1 {[%clk 0:24:15]} Nb8 {[%clk 0:27:33]} 21. fxe5
{[%clk 0:20:13]} Rxe5 {[%clk 0:25:58]} 22. Rxe5 {[%clk 0:19:37]} fxe5
{[%clk 0:26:22]} 23. Be7 {[%clk 0:17:15]} Re8 {[%clk 0:25:20]} 24. d6
{[%clk 0:17:41]} c6 {[%clk 0:23:04]} 25. c5 {[%clk 0:11:05]} Ng6 {[%clk 0:19:32]}
26. Bg5 {[%clk 0:11:18]} Bc8 {[%clk 0:18:25]} 27. Be3 {[%clk 0:10:40]} bxc5
{[%clk 0:10:29]} 28. Nxc5 {[%clk 0:11:04]} Nf8 {[%clk 0:09:59]} 29. Bf1
{[%clk 0:08:00]} Nbd7 {[%clk 0:09:58]} 30. Bc4+ {[%clk 0:07:46]} Kh8
{[%clk 0:10:21]} 31. Bf7 {[%clk 0:07:57]} Rd8 {[%clk 0:10:43]} 32. Bg5
{[%clk 0:08:21]} Nxc5 {[%clk 0:10:18]} 33. Bxd8 {[%clk 0:08:47]} Ne4
{[%clk 0:10:39]} 34. Rb2 {[%clk 0:04:14]} Nxd6 {[%clk 0:09:07]} 35. Be7
{[%clk 0:04:23]} Nxf7 {[%clk 0:09:30]} 36. Rb8 {[%clk 0:04:45]} 1-0

[Event "Limba Open M"]
[Site "Poronin"]
[Date "2021.05.28"]
[Round "9.12"]
[White "Bartel, Michal"]
[Black "Kaczmarek, Arkadiusz"]
[Result "1/2-1/2"]
[BlackElo "2079"]
[WhiteElo "2262"]
[LiveChessVersion "1.4.8"]

1. d4 {[%clk 1:30:59]} d5 {[%clk 1:30:48]} 2. Bf4 {[%clk 1:31:24]} c5
{[%clk 1:31:01]} 3. e3 {[%clk 1:31:46]} Nc6 {[%clk 1:31:14]} 4. c3
{[%clk 1:32:10]} Nf6 {[%clk 1:31:13]} 5. Nd2 {[%clk 1:32:00]} Bf5
{[%clk 1:31:15]} 6. Qb3 {[%clk 1:32:19]} Qd7 {[%clk 1:31:23]} 7. dxc5
{[%clk 1:30:17]} e5 {[%clk 1:26:48]} 8. Bg3 {[%clk 1:26:08]} Bxc5
{[%clk 1:27:06]} 9. Ngf3 {[%clk 1:26:11]} Qe7 {[%clk 1:16:36]} 10. Bb5
{[%clk 1:18:12]} e4 {[%clk 1:14:26]} 11. Ne5 {[%clk 1:16:10]} Rc8
{[%clk 1:07:31]} 12. Qa4 {[%clk 1:13:25]} Bd7 {[%clk 1:06:25]} 13. Nxd7
{[%clk 1:13:38]} Nxd7 {[%clk 1:05:45]} 14. Nb3 {[%clk 1:06:46]} O-O
{[%clk 1:01:23]} 15. Nxc5 {[%clk 1:05:12]} Nxc5 {[%clk 1:01:36]} 16. Qd1
{[%clk 1:04:16]} Rfd8 {[%clk 0:57:43]} 17. Qh5 {[%clk 1:00:40]} a6
{[%clk 0:58:00]} 18. Be2 {[%clk 0:56:36]} g6 {[%clk 0:55:10]} 19. Qh6
{[%clk 0:56:57]} Ne5 {[%clk 0:54:57]} 20. Bxe5 {[%clk 0:54:18]} Qxe5
{[%clk 0:55:23]} 21. h4 {[%clk 0:54:32]} Rc6 {[%clk 0:48:14]} 22. Rd1
{[%clk 0:52:08]} 1/2-1/2

[Event "Limba Open M"]
[Site "Poronin"]
[Date "2021.05.28"]
[Round "9.13"]
[White "Frick, Christoph"]
[Black "Redzisz, Michal"]
[Result "0-1"]
[BlackElo "2262"]
[WhiteElo "2051"]
[LiveChessVersion "1.4.8"]

1. d4 {[%clk 1:30:58]} Nf6 {[%clk 1:26:19]} 2. Bf4 {[%clk 1:31:16]} g6
{[%clk 1:26:33]} 3. Nc3 {[%clk 1:31:34]} d5 {[%clk 1:27:01]} 4. e3
{[%clk 1:31:45]} Bg7 {[%clk 1:26:12]} 5. h4 {[%clk 1:31:58]} h5 {[%clk 1:26:39]}
6. Nf3 {[%clk 1:32:15]} O-O {[%clk 1:23:08]} 7. Ne5 {[%clk 1:32:32]} c5
{[%clk 1:21:57]} 8. Qd2 {[%clk 1:30:24]} Be6 {[%clk 1:17:14]} 9. f3
{[%clk 1:26:57]} Nc6 {[%clk 1:13:46]} 10. O-O-O {[%clk 1:22:11]} Rc8
{[%clk 1:08:56]} 11. Kb1 {[%clk 1:19:03]} c4 {[%clk 0:40:25]} 12. Be2
{[%clk 1:14:37]} a6 {[%clk 0:32:59]} 13. e4 {[%clk 1:07:56]} b5 {[%clk 0:32:24]}
14. Nxc6 {[%clk 1:02:57]} Rxc6 {[%clk 0:32:51]} 15. e5 {[%clk 1:03:20]} Nd7
{[%clk 0:28:34]} 16. g4 {[%clk 1:03:21]} b4 {[%clk 0:28:58]} 17. Na4
{[%clk 1:02:05]} c3 {[%clk 0:21:54]} 18. Qc1 {[%clk 0:51:42]} cxb2
{[%clk 0:21:53]} 19. Nxb2 {[%clk 0:49:10]} Qa5 {[%clk 0:21:59]} 20. Nd3
{[%clk 0:42:54]} Rfc8 {[%clk 0:21:23]} 21. Rd2 {[%clk 0:43:00]} Nb6
{[%clk 0:15:52]} 22. Nb2 {[%clk 0:22:27]} Rc3 {[%clk 0:13:03]} 23. Rd3
{[%clk 0:21:13]} Nc4 {[%clk 0:10:43]} 24. Nxc4 {[%clk 0:17:37]} dxc4
{[%clk 0:10:51]} 25. Rxc3 {[%clk 0:14:25]} bxc3 {[%clk 0:11:18]} 26. gxh5
{[%clk 0:11:21]} Rb8+ {[%clk 0:11:18]} 27. Ka1 {[%clk 0:11:45]} Rb2
{[%clk 0:11:25]} 28. Qb1 {[%clk 0:11:43]} gxh5 {[%clk 0:10:35]} 29. Be3
{[%clk 0:11:18]} Qa4 {[%clk 0:10:26]} 30. Bc1 {[%clk 0:09:33]} Rxb1+
{[%clk 0:10:45]} 31. Kxb1 {[%clk 0:09:59]} Bf5 {[%clk 0:10:56]} 32. Bd1
{[%clk 0:10:19]} Bh6 {[%clk 0:11:05]} 0-1

[Event "Limba Open M"]
[Site "Poronin"]
[Date "2021.05.28"]
[Round "9.14"]
[White "Wisniewski, Michal"]
[Black "Czernek, Tymon"]
[Result "1-0"]
[BlackElo "2248"]
[WhiteElo "2135"]
[LiveChessVersion "1.4.8"]

1. Nf3 {[%clk 1:19:20]} c5 {[%clk 1:28:28]} 2. e4 {[%clk 1:19:45]} Nc6
{[%clk 1:28:54]} 3. Bb5 {[%clk 1:20:10]} g6 {[%clk 1:29:21]} 4. Bxc6
{[%clk 1:19:32]} dxc6 {[%clk 1:29:48]} 5. d3 {[%clk 1:19:51]} Bg7
{[%clk 1:30:03]} 6. h3 {[%clk 1:20:14]} Nf6 {[%clk 1:30:01]} 7. Nc3
{[%clk 1:20:05]} Nd7 {[%clk 1:28:11]} 8. Be3 {[%clk 1:20:13]} e5 {[%clk 1:28:18]}
9. Qd2 {[%clk 1:20:39]} h6 {[%clk 1:28:43]} 10. O-O {[%clk 1:20:08]} b6
{[%clk 1:27:38]} 11. a3 {[%clk 1:20:33]} g5 {[%clk 1:23:38]} 12. b4
{[%clk 1:20:41]} Qe7 {[%clk 1:13:58]} 13. Na4 {[%clk 1:16:48]} cxb4
{[%clk 1:06:36]} 14. axb4 {[%clk 1:17:12]} Bb7 {[%clk 1:05:37]} 15. Qc3
{[%clk 1:17:29]} O-O {[%clk 1:02:53]} 16. Qb3 {[%clk 1:14:59]} Nf6
{[%clk 1:00:21]} 17. Ra3 {[%clk 1:13:48]} Nh5 {[%clk 0:51:52]} 18. Rfa1
{[%clk 1:13:35]} Nf4 {[%clk 0:50:44]} 19. Nb2 {[%clk 1:10:58]} Bc8
{[%clk 0:47:31]} 20. Bxb6 {[%clk 1:11:22]} axb6 {[%clk 0:45:43]} 21. Rxa8
{[%clk 1:11:32]} Be6 {[%clk 0:46:07]} 22. Qa4 {[%clk 1:11:05]} Qf6
{[%clk 0:38:18]} 23. Nd1 {[%clk 1:08:00]} Bxh3 {[%clk 0:33:10]} 24. gxh3
{[%clk 1:07:25]} Qe6 {[%clk 0:32:50]} 25. Ne3 {[%clk 1:07:28]} Qxh3
{[%clk 0:33:14]} 26. Nh2 {[%clk 1:07:53]} g4 {[%clk 0:20:51]} 27. Rxf8+
{[%clk 1:08:10]} Bxf8 {[%clk 0:21:14]} 28. Kh1 {[%clk 1:08:31]} h5
{[%clk 0:17:35]} 29. Qxc6 {[%clk 1:07:57]} h4 {[%clk 0:16:26]} 30. Qd7
{[%clk 1:08:17]} Ne6 {[%clk 0:15:11]} 31. Ra7 {[%clk 1:08:28]} Nd8
{[%clk 0:12:33]} 32. Qe6 {[%clk 1:08:47]} 1-0

[Event "Limba Open M"]
[Site "Poronin"]
[Date "2021.05.28"]
[Round "9.15"]
[White "Fiedorek, Michal"]
[Black "Marcinczyk, Monika"]
[Result "1-0"]
[BlackElo "2012"]
[WhiteElo "2205"]
[LiveChessVersion "1.4.8"]

1. c4 {[%clk 1:30:55]} e5 {[%clk 1:28:53]} 2. g3 {[%clk 1:30:48]} Nf6
{[%clk 1:28:35]} 3. Bg2 {[%clk 1:30:43]} d5 {[%clk 1:25:34]} 4. cxd5
{[%clk 1:30:54]} Nxd5 {[%clk 1:25:59]} 5. Nc3 {[%clk 1:31:08]} Be6
{[%clk 1:24:38]} 6. Nf3 {[%clk 1:26:07]} Nc6 {[%clk 1:24:01]} 7. O-O
{[%clk 1:23:33]} Be7 {[%clk 1:13:22]} 8. d4 {[%clk 1:14:58]} exd4
{[%clk 1:02:29]} 9. Nxd4 {[%clk 1:12:31]} Nxc3 {[%clk 0:59:03]} 10. bxc3
{[%clk 1:12:25]} Nxd4 {[%clk 0:57:02]} 11. cxd4 {[%clk 1:12:40]} c6
{[%clk 0:56:34]} 12. e4 {[%clk 1:07:41]} Bf6 {[%clk 0:50:18]} 13. Be3
{[%clk 1:00:59]} O-O {[%clk 0:45:58]} 14. Qd2 {[%clk 0:47:48]} Qd7
{[%clk 0:37:50]} 15. Rab1 {[%clk 0:45:06]} Rfd8 {[%clk 0:35:08]} 16. Rfd1
{[%clk 0:44:32]} g6 {[%clk 0:30:29]} 17. a4 {[%clk 0:37:48]} a5 {[%clk 0:18:23]}
18. Bg5 {[%clk 0:27:45]} Bxg5 {[%clk 0:14:19]} 19. Qxg5 {[%clk 0:28:09]} Bc4
{[%clk 0:13:24]} 20. Qc5 {[%clk 0:23:08]} b5 {[%clk 0:12:21]} 21. d5
{[%clk 0:16:13]} cxd5 {[%clk 0:10:53]} 22. axb5 {[%clk 0:16:07]} Rac8
{[%clk 0:07:31]} 23. Qa3 {[%clk 0:14:21]} d4 {[%clk 0:05:41]} 24. Qxa5
{[%clk 0:08:26]} d3 {[%clk 0:03:34]} 25. b6 {[%clk 0:06:34]} d2 {[%clk 0:02:40]}
26. Rb2 {[%clk 0:03:40]} Ra8 {[%clk 0:00:49]} 27. Qc3 {[%clk 0:01:38]} Qa4
{[%clk 0:00:53]} 28. Rbb1 {[%clk 0:01:13]} Rd3 {[%clk 0:00:52]} 29. Qb2
{[%clk 0:01:18]} Qa2 {[%clk 0:00:33]} 30. Qxa2 {[%clk 0:00:58]} Bxa2
{[%clk 0:00:56]} 31. Ra1 {[%clk 0:00:49]} Bd5 {[%clk 0:01:08]} 32. Rxa8+
{[%clk 0:00:44]} Bxa8 {[%clk 0:01:37]} 33. e5 {[%clk 0:00:50]} Bxg2
{[%clk 0:01:41]} 34. Kxg2 {[%clk 0:01:16]} Rb3 {[%clk 0:01:50]} 35. Rxd2
{[%clk 0:01:38]} Rxb6 {[%clk 0:02:16]} 36. Rd7 {[%clk 0:00:49]} Kg7
{[%clk 0:02:33]} 37. f4 {[%clk 0:01:00]} h6 {[%clk 0:01:39]} 38. Kf3
{[%clk 0:01:05]} Ra6 {[%clk 0:01:27]} 39. g4 {[%clk 0:01:25]} Rb6
{[%clk 0:01:10]} 40. f5 {[%clk 0:31:09]} gxf5 {[%clk 0:30:46]} 41. gxf5
{[%clk 0:31:21]} Rb5 {[%clk 0:26:29]} 42. Kf4 {[%clk 0:29:48]} Rb4+
{[%clk 0:26:09]} 43. Ke3 {[%clk 0:26:47]} Rb5 {[%clk 0:24:11]} 44. Ke4
{[%clk 0:26:51]} Rb4+ {[%clk 0:23:14]} 45. Kf3 {[%clk 0:23:37]} Rb5
{[%clk 0:23:10]} 46. Re7 {[%clk 0:23:27]} Ra5 {[%clk 0:18:43]} 47. Kg4
{[%clk 0:22:59]} Kf8 {[%clk 0:10:47]} 48. f6 {[%clk 0:23:05]} Ra2
{[%clk 0:03:52]} 49. Rb7 {[%clk 0:16:39]} Kg8 {[%clk 0:02:32]} 50. Rb8+
{[%clk 0:16:50]} Kh7 {[%clk 0:02:57]} 51. e6 {[%clk 0:16:36]} Ra4+
{[%clk 0:01:46]} 52. Kf3 {[%clk 0:15:19]} Ra3+ {[%clk 0:01:49]} 53. Ke2
{[%clk 0:14:14]} Ra2+ {[%clk 0:01:50]} 54. Kd3 {[%clk 0:14:21]} Ra3+
{[%clk 0:02:00]} 55. Kd4 1-0

[Event "Limba Open M"]
[Site "Poronin"]
[Date "2021.05.28"]
[Round "9.16"]
[White "Turski, Bartlomiej"]
[Black "Lewicki, Miroslaw"]
[Result "0-1"]
[BlackElo "2348"]
[WhiteElo "1954"]
[LiveChessVersion "1.4.8"]

1. e4 {[%clk 1:30:57]} c5 {[%clk 1:30:54]} 2. Nf3 {[%clk 1:31:23]} d6
{[%clk 1:31:18]} 3. d4 {[%clk 1:31:47]} cxd4 {[%clk 1:31:44]} 4. Nxd4
{[%clk 1:32:15]} Nf6 {[%clk 1:32:07]} 5. Nc3 {[%clk 1:32:42]} a6 {[%clk 1:32:30]}
6. f3 {[%clk 1:33:10]} e5 {[%clk 1:32:37]} 7. Nb3 {[%clk 1:33:36]} Be7
{[%clk 1:32:57]} 8. Be3 {[%clk 1:33:58]} Qc7 {[%clk 1:33:13]} 9. Qd2
{[%clk 1:33:49]} Be6 {[%clk 1:33:11]} 10. g4 {[%clk 1:32:32]} Nbd7
{[%clk 1:32:50]} 11. O-O-O {[%clk 1:29:41]} b5 {[%clk 1:28:16]} 12. g5
{[%clk 1:28:10]} Nh5 {[%clk 1:28:36]} 13. f4 {[%clk 1:24:02]} exf4
{[%clk 1:28:18]} 14. Bxf4 {[%clk 1:24:30]} Nxf4 {[%clk 1:28:35]} 15. Qxf4
{[%clk 1:24:52]} Ne5 {[%clk 1:28:40]} 16. Nd4 {[%clk 1:22:46]} O-O
{[%clk 1:28:32]} 17. h4 {[%clk 1:17:24]} d5 {[%clk 1:23:43]} 18. Kb1
{[%clk 1:14:55]} dxe4 {[%clk 1:24:05]} 19. Nxe6 {[%clk 1:13:44]} fxe6
{[%clk 1:24:31]} 20. Qxe4 {[%clk 1:13:50]} Rae8 {[%clk 1:23:35]} 21. Bh3
{[%clk 1:12:43]} Kh8 {[%clk 1:19:13]} 22. Rhe1 {[%clk 1:07:01]} Nc4
{[%clk 1:15:47]} 23. Bxe6 {[%clk 1:00:09]} Nxb2 {[%clk 1:13:43]} 24. Kxb2
{[%clk 0:53:02]} Ba3+ {[%clk 1:14:08]} 25. Kb3 {[%clk 0:53:02]} Qa5
{[%clk 1:14:35]} 26. Nd5 {[%clk 0:46:16]} Rxe6 {[%clk 1:14:58]} 27. Qxe6
{[%clk 0:44:38]} Qa4+ {[%clk 1:15:23]} 28. Kc3 {[%clk 0:45:03]} Qc4+
{[%clk 1:15:50]} 0-1

[Event "Limba Open M"]
[Site "Poronin"]
[Date "2021.05.28"]
[Round "9.17"]
[White "Kyc, Jerzy"]
[Black "Dylag, Emilia"]
[Result "0-1"]
[BlackElo "1953"]
[WhiteElo "2274"]
[LiveChessVersion "1.4.8"]

1. e4 {[%clk 1:26:07]} e5 {[%clk 1:30:53]} 2. Nf3 {[%clk 1:26:33]} Nc6
{[%clk 1:31:15]} 3. Bc4 {[%clk 1:26:12]} Bc5 {[%clk 1:31:27]} 4. O-O
{[%clk 1:23:59]} Nf6 {[%clk 1:30:29]} 5. d3 {[%clk 1:21:59]} d6 {[%clk 1:30:02]}
6. Be3 {[%clk 1:21:04]} Bxe3 {[%clk 1:27:56]} 7. fxe3 {[%clk 1:20:47]} Na5
{[%clk 1:25:53]} 8. Bb3 {[%clk 1:20:52]} Nxb3 {[%clk 1:24:17]} 9. axb3
{[%clk 1:19:32]} O-O {[%clk 1:21:59]} 10. Nc3 {[%clk 1:17:15]} c6
{[%clk 1:17:34]} 11. Qe1 {[%clk 1:16:31]} Be6 {[%clk 1:03:28]} 12. h3
{[%clk 1:11:11]} b5 {[%clk 0:57:37]} 13. d4 {[%clk 1:05:16]} b4 {[%clk 0:53:55]}
14. Ne2 {[%clk 1:05:25]} Qb6 {[%clk 0:48:03]} 15. Ng3 {[%clk 1:05:32]} Nd7
{[%clk 0:36:08]} 16. Qf2 {[%clk 1:05:08]} f6 {[%clk 0:33:54]} 17. Kh2
{[%clk 0:58:35]} Rae8 {[%clk 0:27:06]} 18. Ra4 {[%clk 0:47:42]} a5
{[%clk 0:24:57]} 19. Nd2 {[%clk 0:47:15]} d5 {[%clk 0:21:17]} 20. exd5
{[%clk 0:43:02]} cxd5 {[%clk 0:21:18]} 21. c4 {[%clk 0:41:18]} bxc3
{[%clk 0:19:47]} 22. bxc3 {[%clk 0:41:44]} Qc7 {[%clk 0:19:23]} 23. c4
{[%clk 0:39:00]} exd4 {[%clk 0:16:31]} 24. exd4 {[%clk 0:39:13]} dxc4
{[%clk 0:12:28]} 25. bxc4 {[%clk 0:38:34]} Ra8 {[%clk 0:09:38]} 26. c5
{[%clk 0:28:51]} Bd5 {[%clk 0:09:05]} 27. Rfa1 {[%clk 0:26:37]} f5
{[%clk 0:08:05]} 28. Kg1 {[%clk 0:26:22]} f4 {[%clk 0:06:08]} 29. Nge4
{[%clk 0:26:19]} f3 {[%clk 0:05:54]} 30. gxf3 {[%clk 0:25:34]} Rae8
{[%clk 0:05:14]} 31. Nd6 {[%clk 0:20:10]} Re6 {[%clk 0:05:01]} 32. Rxa5
{[%clk 0:20:08]} Qd8 {[%clk 0:04:44]} 33. N2e4 {[%clk 0:15:07]} Rg6+
{[%clk 0:02:48]} 34. Kh2 {[%clk 0:14:09]} Nf6 {[%clk 0:01:30]} 35. Nd2
{[%clk 0:03:33]} Nh5 {[%clk 0:01:39]} 36. Ra7 {[%clk 0:01:03]} Qg5
{[%clk 0:01:45]} 37. N2e4 {[%clk 0:00:41]} Qf4+ {[%clk 0:01:57]} 38. Kh1
{[%clk 0:01:10]} Ng3+ {[%clk 0:01:41]} 39. Nxg3 {[%clk 0:01:37]} Rxg3
{[%clk 0:02:02]} 40. R1a3 {[%clk 0:31:03]} Rxh3+ {[%clk 0:32:10]} 41. Kg1
{[%clk 0:30:55]} Qc1+ {[%clk 0:32:28]} 0-1

[Event "Limba Open M"]
[Site "Poronin"]
[Date "2021.05.28"]
[Round "9.18"]
[White "Kubicka, Anna"]
[Black "Malek, Jan"]
[Result "0-1"]
[BlackElo "1946"]
[WhiteElo "2235"]
[LiveChessVersion "1.4.8"]

1. e4 {[%clk 1:30:18]} d6 {[%clk 1:30:54]} 2. d4 {[%clk 1:30:20]} Nf6
{[%clk 1:31:16]} 3. Nc3 {[%clk 1:30:45]} e5 {[%clk 1:31:42]} 4. Nf3
{[%clk 1:31:11]} Nbd7 {[%clk 1:32:07]} 5. Bc4 {[%clk 1:31:34]} Be7
{[%clk 1:32:32]} 6. O-O {[%clk 1:31:53]} O-O {[%clk 1:32:57]} 7. Re1
{[%clk 1:32:05]} c6 {[%clk 1:33:22]} 8. a4 {[%clk 1:32:32]} Qc7 {[%clk 1:33:47]}
9. h3 {[%clk 1:32:50]} b6 {[%clk 1:32:45]} 10. Ba2 {[%clk 1:33:09]} Rb8
{[%clk 1:31:36]} 11. Be3 {[%clk 1:33:02]} a6 {[%clk 1:31:58]} 12. Nh4
{[%clk 1:24:03]} g6 {[%clk 1:17:08]} 13. Nf3 {[%clk 1:23:21]} Nh5
{[%clk 1:11:46]} 14. Bh6 {[%clk 1:19:52]} Ng7 {[%clk 1:11:08]} 15. Qd2
{[%clk 1:05:26]} b5 {[%clk 1:09:42]} 16. Rad1 {[%clk 0:54:42]} exd4
{[%clk 1:01:07]} 17. Qxd4 {[%clk 0:48:52]} Ne5 {[%clk 1:01:27]} 18. Ng5
{[%clk 0:33:52]} Qb6 {[%clk 0:52:43]} 19. Qxb6 {[%clk 0:23:28]} Rxb6
{[%clk 0:53:06]} 20. axb5 {[%clk 0:23:54]} axb5 {[%clk 0:53:12]} 21. f4
{[%clk 0:24:13]} Nc4 {[%clk 0:52:22]} 22. Nf3 {[%clk 0:10:00]} Re8
{[%clk 0:47:54]} 23. Bg5 {[%clk 0:08:52]} Bf8 {[%clk 0:44:48]} 24. Nd2
{[%clk 0:04:05]} Nxd2 {[%clk 0:43:26]} 25. Rxd2 {[%clk 0:04:33]} Ne6
{[%clk 0:39:58]} 26. Bxe6 {[%clk 0:04:38]} Bxe6 {[%clk 0:39:23]} 27. Bf6
{[%clk 0:03:11]} Ra6 {[%clk 0:35:31]} 28. b3 {[%clk 0:03:35]} b4 {[%clk 0:34:31]}
29. Na4 {[%clk 0:03:50]} c5 {[%clk 0:33:39]} 30. f5 {[%clk 0:01:47]} Bxf5
{[%clk 0:33:21]} 31. e5 {[%clk 0:00:43]} c4 {[%clk 0:32:10]} 32. Rde2
{[%clk 0:00:36]} dxe5 {[%clk 0:32:12]} 33. Bxe5 {[%clk 0:00:40]} Bxc2
{[%clk 0:31:58]} 34. Rxc2 {[%clk 0:01:05]} cxb3 {[%clk 0:32:21]} 35. Nc5
{[%clk 0:01:22]} bxc2 {[%clk 0:32:44]} 36. Nxa6 {[%clk 0:01:36]} Rxe5
{[%clk 0:33:09]} 37. Rc1 {[%clk 0:01:51]} b3 {[%clk 0:33:33]} 0-1

[Event "Limba Open M"]
[Site "Poronin"]
[Date "2021.05.28"]
[Round "9.19"]
[White "Pniaczek, Marek"]
[Black "Marciniak, Leonard"]
[Result "1-0"]
[BlackElo "1799"]
[WhiteElo "2199"]
[LiveChessVersion "1.4.8"]

1. e4 {[%clk 1:29:43]} e6 {[%clk 1:30:55]} 2. d4 {[%clk 1:29:59]} d5
{[%clk 1:31:20]} 3. Nd2 {[%clk 1:30:28]} c5 {[%clk 1:31:19]} 4. exd5
{[%clk 1:30:04]} Qxd5 {[%clk 1:31:37]} 5. Ngf3 {[%clk 1:30:31]} cxd4
{[%clk 1:31:59]} 6. Bc4 {[%clk 1:30:38]} Qd6 {[%clk 1:32:23]} 7. O-O
{[%clk 1:30:19]} Nc6 {[%clk 1:32:27]} 8. Nb3 {[%clk 1:29:35]} Nf6
{[%clk 1:32:37]} 9. Nbxd4 {[%clk 1:29:37]} Nxd4 {[%clk 1:32:59]} 10. Nxd4
{[%clk 1:29:56]} a6 {[%clk 1:33:03]} 11. Re1 {[%clk 1:29:35]} Qc7
{[%clk 1:32:25]} 12. Bb3 {[%clk 1:30:01]} Bd7 {[%clk 1:31:26]} 13. Qf3
{[%clk 1:27:18]} O-O-O {[%clk 1:30:44]} 14. Bg5 {[%clk 1:20:33]} Bc6
{[%clk 1:18:23]} 15. Nxc6 {[%clk 1:19:52]} Qxc6 {[%clk 1:18:12]} 16. Qxc6+
{[%clk 1:17:40]} bxc6 {[%clk 1:18:40]} 17. Re5 {[%clk 1:13:18]} Kb7 18. Rae1
{[%clk 1:03:07]} Bd6 {[%clk 1:11:42]} 19. R5e3 {[%clk 0:58:21]} Rd7
{[%clk 1:04:58]} 20. Bc4 {[%clk 0:55:51]} Bc5 {[%clk 0:58:44]} 21. Rc3
{[%clk 0:50:51]} Bb6 {[%clk 0:44:31]} 22. Rb3 {[%clk 0:47:34]} Nd5
{[%clk 0:42:00]} 23. a4 {[%clk 0:44:48]} Ka7 {[%clk 0:41:23]} 24. Rd3
{[%clk 0:42:51]} h6 {[%clk 0:38:59]} 25. Bh4 {[%clk 0:42:22]} g5 {[%clk 0:32:40]}
26. Bg3 {[%clk 0:42:48]} Rhd8 {[%clk 0:32:28]} 27. Red1 {[%clk 0:37:58]} Nf6
{[%clk 0:26:54]} 28. Kf1 {[%clk 0:31:19]} Rxd3 {[%clk 0:25:38]} 29. Rxd3
{[%clk 0:31:03]} Ne4 {[%clk 0:23:07]} 30. Ke2 {[%clk 0:26:02]} Rxd3
{[%clk 0:23:03]} 31. Bxd3 {[%clk 0:26:07]} Nc5 {[%clk 0:22:43]} 32. b3
{[%clk 0:23:30]} Kb7 {[%clk 0:19:21]} 33. Bh7 {[%clk 0:22:55]} f5
{[%clk 0:18:49]} 34. Be5 {[%clk 0:22:31]} Bc7 {[%clk 0:18:03]} 35. Bg7
{[%clk 0:22:24]} h5 {[%clk 0:17:08]} 36. h4 {[%clk 0:19:12]} Bd8 {[%clk 0:14:06]}
37. Bg6 {[%clk 0:17:45]} gxh4 {[%clk 0:14:14]} 38. Bxh5 {[%clk 0:18:09]} Bg5
{[%clk 0:11:43]} 39. Bd4 {[%clk 0:17:39]} Nd7 {[%clk 0:09:07]} 40. Bf7
{[%clk 0:46:55]} e5 {[%clk 0:33:52]} 41. Bc3 {[%clk 0:46:59]} Bf6
{[%clk 0:27:26]} 42. Be6 {[%clk 0:47:10]} Nb6 {[%clk 0:27:38]} 43. f4
{[%clk 0:46:33]} Nd5 {[%clk 0:27:15]} 44. Bxd5 {[%clk 0:46:32]} cxd5
{[%clk 0:27:11]} 45. fxe5 {[%clk 0:46:26]} Bg5 {[%clk 0:25:34]} 46. Bb4
{[%clk 0:45:30]} Kc6 {[%clk 0:24:47]} 47. e6 {[%clk 0:45:18]} Bf6
{[%clk 0:23:36]} 48. Kf3 {[%clk 0:43:34]} Bg5 {[%clk 0:20:53]} 49. Bf8
{[%clk 0:42:59]} Kc7 {[%clk 0:20:40]} 50. b4 {[%clk 0:42:36]} Bd2
{[%clk 0:17:49]} 51. b5 {[%clk 0:42:47]} axb5 {[%clk 0:18:02]} 52. axb5
{[%clk 0:43:13]} Kd8 {[%clk 0:17:44]} 53. b6 {[%clk 0:43:25]} Ba5
{[%clk 0:18:08]} 54. Bc5 {[%clk 0:43:28]} Bd2 {[%clk 0:17:19]} 55. e7+
{[%clk 0:43:42]} 1-0